Trendy v poistení v poľnohospodárstve v SR bakalárska práca

Uložené v:
Podrobná bibliografia
Hlavný autor: Štefancová, Tatiana
Korporativný autor: Národohospodárska fakulta EU. Katedra poisťovníctva
Ďalší autori: Marko, Peter
Médium: Kniha
Jazyk:Slovak
Vydavateľské údaje: Bratislava 2010
Tagy: Pridať tag
Žiadne tagy, Buďte prvý, kto otaguje tento záznam!

MARC

LEADER 00000nam$a2200000$$$4500
001 0129292
005 20160627120508.1
041 0 |a slo 
044 |a SK 
245 1 0 |a Trendy v poistení v poľnohospodárstve v SR  |b bakalárska práca  |c Tatiana Štefancová ; škol. Peter Marko 
264 1 |a Bratislava  |c 2010 
300 |a 43 s. 
100 1 |a Štefancová, Tatiana 
700 1 |a Marko, Peter 
710 2 |a Národohospodárska fakulta EU. Katedra poisťovníctva